14 biggest countries - Statistics

General Stats
  • This quiz has been taken 18 times
  • The average score is 12 of 14
Answer Stats
Answer % Correct
Australia
100%
Brazil
100%
Canada
100%
China
100%
India
100%
Russia
100%
United states of America
94%
Democratic Republic of the Congo
88%
Kazakhstan
88%
Algeria
82%
Argentina
82%
Indonesia
82%
Saudi Arabia
82%
Greenland
29%
No matching quizzes found
Score Distribution
Percent of People with Each Score
Percentile by Number Answered
Your Score History
You have not taken this quiz